| 000 | 00801nam a22002057a 4500 | ||
|---|---|---|---|
| 001 | HIN-125837 | ||
| 003 | dpl | ||
| 005 | 20230906121210.0 | ||
| 008 | 230906b |||||||| |||| 00| 0 eng d | ||
| 010 | _aHN-98183 | ||
| 040 | _cDBAD/PUB | ||
| 082 |
_22023 _aउ |
||
| 100 |
_aसिंह, तारा _956005 |
||
| 245 |
_aनींद हमारी, ख़वाब तुम्हारे _hहिंदी |
||
| 250 | _aप्रथम संस्करण | ||
| 260 |
_aमहाराष्ट्र _bअ-1601, सी क्वीन हेरिटेज, प्लाट-6, सेक-18, संपाडा, नवी मुंबई, महाराष्ट _c2023 |
||
| 300 |
_a106(p) _c23cm.(अजिल्द) |
||
| 700 | _956009 | ||
| 942 |
_2ddc _cHN _hउ _mसिंहत |
||
| 999 |
_c197893 _d197893 |
||